Milḥamah ve-nitsaḥon. (Record no. 33159)
[ view plain ]
| 000 -LEADER | |
|---|---|
| fixed length control field | 00729cam a22002291 4500 |
| 001 - CONTROL NUMBER | |
| control field | he 68000947 |
| 003 - CONTROL NUMBER IDENTIFIER | |
| control field | DLC |
| 005 - DATE AND TIME OF LATEST TRANSACTION | |
| control field | 20260227111456.0 |
| 008 - FIXED-LENGTH DATA ELEMENTS--GENERAL INFORMATION | |
| fixed length control field | 870528s1967 is abc 000 0 heb |
| 010 ## - LIBRARY OF CONGRESS CONTROL NUMBER | |
| LC control number | he 68000947 |
| 035 ## - SYSTEM CONTROL NUMBER | |
| System control number | (OCoLC)15743438 |
| 040 ## - CATALOGING SOURCE | |
| Original cataloging agency | DLC |
| Transcribing agency | TxU |
| Modifying agency | TxU |
| -- | DLC |
| 042 ## - AUTHENTICATION CODE | |
| Authentication code | premarc |
| 050 00 - LIBRARY OF CONGRESS CALL NUMBER | |
| Classification number | DS127 |
| Item number | .M5 |
| 245 00 - TITLE STATEMENT | |
| Title | Milḥamah ve-nitsaḥon. |
| Statement of responsibility, etc. | [ha-ʻOrekh: Naftali Arbel. |
| 260 ## - PUBLICATION, DISTRIBUTION, ETC. | |
| Place of publication, distribution, etc. | Tel-Aviv] : |
| Name of publisher, distributor, etc. | M. Mizraḥi |
| Date of publication, distribution, etc. | [1967] |
| 300 ## - PHYSICAL DESCRIPTION | |
| Extent | 215 p. |
| Other physical details | illus., maps, ports. |
| Dimensions | 31 cm. |
| 500 ## - GENERAL NOTE | |
| General note | On verso of t. p.: War and victory. |
| 501 ## - WITH NOTE | |
| With note | In case, as issued, with Milḥemet sheshet ha-yamim. [Tel-Aviv] M. Mizraḥi [1967] |
| 650 #0 - SUBJECT ADDED ENTRY--TOPICAL TERM | |
| Topical term or geographic name entry element | Israel-Arab War, 1967. |
| 700 1# - ADDED ENTRY--PERSONAL NAME | |
| Personal name | Arbel, Naftali, |
| Relator term | ed. |
No items available.